| 000 | 00671nam a2200217Ia 4500 | ||
|---|---|---|---|
| 001 | 10850 | ||
| 003 | GE_BSU | ||
| 008 | 181216s||||||||xx |||||||||||||| ||und|| | ||
| 040 | _cGE_BSU | ||
| 080 | _a821.353.1–1 | ||
| 100 | _aქავთარაძე,გიორგი | ||
| 245 | _aდიდი სიმღერა. | ||
| 245 | _bლექსები. | ||
| 245 | _cრედ.ი.ორჯონიკიძე;მხატვ.თ.სამსონაძე. | ||
| 260 | _aთბილისი. | ||
| 260 | _bნაკადული. | ||
| 260 | _c1971. | ||
| 300 | _a60გვ;16სმ. | ||
| 653 | _aდიდი სიმღერა. | ||
| 942 | _cBK | ||
| 999 |
_c44092 _d44092 |
||